The Struggle Is Real - TV Deaths Quiz Stats

 Plays Quiz Updated Apr 18, 2018

Also try: TV Deaths
Challenge
Share
Tweet
Embed
Score 0/20 Timer 06:00
6 Plays Today
% Correct
M*A*S*H
89.8%
Homeland
88.8%
Dexter
88.1%
Grey's Anatomy
87.6%
Desperate Housewives
87.6%
The Simpsons
87.5%
The Sopranos
87%
South Park
85.8%
Friends
84.5%
American Horror Story
84.1%
% Correct
Orange Is the New Black
83.6%
Downton Abbey
80.7%
Game of Thrones
80.5%
House of Cards
79%
The Good Wife
78.2%
Bates Motel
73.9%
Roseanne
72.6%
Breaking Bad
70.2%
Seinfeld
69.5%
Lost
68.8%

You're not logged in!

Compare scores with friends on all Sporcle quizzes.
Join for Free
OR
Log In

You Might Also Like...

Show Comments

Extras

Top Quizzes Today


Score Distribution

Your Account Isn't Verified!

In order to create a playlist on Sporcle, you need to verify the email address you used during registration. Go to your Sporcle Settings to finish the process.

Report this User

Report this user for behavior that violates our Community Guidelines.

Details: